| 000 | 00695nam a2200205Ia 4500 | ||
|---|---|---|---|
| 003 | GCL | ||
| 008 | 140319s9999 xx 000 0 ara d | ||
| 040 |
_aGCL / _cGCL |
||
| 082 | 0 | 4 |
_a595.7 _bف هـ |
| 100 | 1 | _aوجلزوورث، ف. ب. | |
| 245 | 1 | 0 |
_aهرمونات الحشرات / _cوجلزوورث، ف. ب. |
| 700 | 1 | _aكارم السيد غنيم | |
| 260 |
_aالقاهرة : _bاكاديمية البحث العلمى والتكنولوجيا ، _c1987 |
||
| 300 |
_a68 ص ؛ _c24 سم |
||
| 650 | 0 | 4 | _aالحشرات - التشريح |
| 650 | 0 | 4 | _aالحشرات |
| 650 | 0 | 4 | _aالهرمونات |
| 650 | 0 | 4 | _aالحشرات - الاضرار والفوائد |
| 942 |
_2ddc _cBK |
||
| 999 |
_c4905 _d4905 |
||